Bhartiya musalmano ki samaj sanrachna aur mansikta (Record no. 361688)

MARC details
000 -LEADER
fixed length control field 00632 a2200217 4500
005 - DATE & TIME
control field 20250605115038.0
008 - FIXED-LENGTH DATA ELEMENTS--GENERAL INFORMATION
fixed length control field 250604b |||||||| |||| 00| 0 eng d
020 ## - ISBN
International Standard Book Number 9788119133260
Price Rs. 695.00
040 ## - CATALOGING SOURCE
Original cataloging agency VIVEKANANDA LIBRARY
082 ## - DDC NUMBER
Classification number 305.6970954
Book Number B227B
100 ## - MAIN ENTRY--PERSONAL NAME
Personal name Bannur, Fakhruddin
245 ## - TITLE STATEMENT
Title Bhartiya musalmano ki samaj sanrachna aur mansikta
260 ## - PUBLICATION, DISTRIBUTION, ETC. (IMPRINT)
Name of publisher, distributor, etc Lokbharti Prakashan
Date of publication, distribution, etc 2023
Place of publication, distribution, etc Paryagraj
300 ## - PHYSICAL DESCRIPTION
Pages 230
650 ## - Subject
Subject Muslim- India
650 ## - Subject
Subject Minorities- India
650 ## - Subject
Subject Social psychology- Religious Groups
650 ## - Subject
Subject Muslim Communities- India
650 ## - Subject
Subject Islamic sociology
942 ## - ADDED ENTRY ELEMENTS (KOHA)
Koha item type Books
Holdings
Withdrawn status Lost status Source of classification or shelving scheme Damaged status Not for loan Location (home branch) Sublocation or collection (holding branch) Shelving location Date acquired Koha issues (times borrowed) Koha full call number Accession No. Koha date last seen Koha item type
    Dewey Decimal Classification     VIVEKANANDA LIBRARY VIVEKANANDA LIBRARY Vivekananda Library 14/02/2025   305.6970954 B227B 442629 14/02/2025 Books
© Designed and Maintained by Vivekananda Library, MDU Rohtak